| 000 | 01447nam a2200325 a 4500 | ||
|---|---|---|---|
| 001 | BRCA_3137 | ||
| 005 | 20190320204129.0 | ||
| 008 | 050209s1866----fr-a---###---#000-0dfre-u | ||
| 041 | _afre | ||
| 044 | _afr | ||
| 084 |
_a440 _b.J68 _c1866 |
||
| 100 | 1 |
_aCervantes Saavedra, Miguel de _d1547-1616 _9213 |
|
| 245 | 1 | 0 |
_aL´Ingénieux Chevalier Don Quichotte de la Manche _cMichel Cervantes. |
| 260 |
_aParís _bFurne _c1866 |
||
| 300 |
_axvi, 623 p. _bil. _c29 cm. |
||
| 500 | _aContenido: Primera parte. Vida de Cervantes. Prólogo del autor. Advertencia del traductor. Texto. Segunda parte. Prólogo del autor. Texto | ||
| 500 | _aEdición : Traduit Nouvelle par Ch. Furne. Illustrée de 160 dessins par G. Roux Gravés par Ton et Perrichon | ||
| 500 | _aEdición bien impresa de la conocida traducción de Charles Furne, adornada con los recomendables dibujos de G. Roux, grabados por Yon y Perrichon. Semipiel; lomo adornado con dorados Lúdovik Osterc | ||
| 500 | _aQM366 | ||
| 546 | _aTexto en francés | ||
| 650 | 1 | 4 |
_aNovela española _yÉpoca clásica, 1500-1700 _9215 |
| 650 | 1 | 4 |
_aLiteratura española _yÉpoca clásica, 1500-1700 _9216 |
| 650 | 1 | 4 |
_aNovela española _ySiglo XVII _9217 |
| 650 | 1 | 4 |
_aDon Quijote (Personaje ficticio) _eNovela _9218 |
| 700 | 1 |
_aFurne, Ch. _eTraductor _98498 |
|
| 700 | 1 |
_aRoux, G. _eIlustrador _98499 |
|
| 740 | 0 | _aEl Ingenioso Hidalgo Don Quijote de la Mancha | |
| 902 | _aQFM | ||
| 942 |
_2lcc _cB |
||
| 999 |
_c2873 _d2873 |
||